Qui est ce candidat aux législatives françaises 2024 - NFP - Statistiques

Statistiques générales
  • Ce quiz a été pris 160 fois
  • Le résultat moyen est 14 sur 20
Statistiques - réponses
Par images Hint Réponse % Correct
PS - Corrèze François Hollande
100%
NPA - Aude Philippe Poutou
97%
LFI - Val de Marne Louis Boyard
94%
LFI - Val de Marne Mathilde Panot
93%
PCF - Nord Fabien Roussel
92%
EELV - Paris Sandrine Rousseau
89%
Divers Gauche - Yvelines Aurélien Rousseau
87%
LFI - Bouches du Rhône Manuel Bompard
87%
Picardie Debout - Somme François Ruffin
84%
PS - Seine et Marne Olivier Faure
82%
LFI - Seine Saint Denis Clémentine Autain
78%
LFI - Paris Danièle Obono
66%
LFI - Nord David Guiraud
63%
LFI - Val de Marne Rachel Keke
62%
LFI - Seine Saint Denis Eric Coquerel
60%
PCF - Somme Léon Deffontaines
58%
PCF - Puy de Dôme André Chassaigne
51%
PS - Landes Boris Vallaud
43%
Génération Ecologie - Deux Sèvres Delphine Batho
34%
Nouvelle Donne - Essonne Pierre Larrouturou
22%
Aucun quiz correspondant
Distribution des résultats
% des personnes avec chaque résultat
Percentile par nombre de réponses
Votre historique - résultats
Vous n’avez pas pris ce quiz